[Event "Guben op"]
[Site "Guben"]
[Date "2003.??.??"]
[Round "2"]
[White "Stoj, Dariusz"]
[Black "Svoboda, Jaroslav"]
[Result "1/2-1/2"]
[WhiteElo "1817"]
[BlackElo "2051"]
[PlyCount "154"]
[EventDate "2003.??.??"]
[EventType "swiss"]
[EventRounds "7"]
[EventCountry "GER"]
[SourceTitle "EXT 2008"]
[Source "ChessBase"]
[SourceDate "2007.11.25"]
[SourceVersion "1"]
[SourceVersionDate "2007.11.25"]
[SourceQuality "1"]

1. d4 Nf6 2. c4 c5 3. d5 b5 4. cxb5 a6 5. b6 Qxb6 6. Nc3 g6 7. e4 d6 8. f4 Bg7 9. Nf3 0-0 10. Be2 Bd7 11. 0-0 Bb5 12. a4 Bxe2 13. Qxe2 Nbd7 14. Kh1 Rfb8 15. e5 dxe5 16. fxe5 Ne8 17. a5 Qd8 18. e6 Nf8 19. exf7+ Kxf7 20. Ne5+ Kg8 21. Nc6 Qd7 22. Nxb8 Rxb8 23. Bg5 Nf6 24. Rae1 Nxd5 25. Nxd5 Qxd5 26. Bc1 e5 27. Qxa6 Ra8 28. Qb6 Ne6 29. b4 Nd4 30. Qxc5 Qxc5 31. bxc5 Rxa5 32. Be3 Nc2 33. Re2 Nxe3 34. Rxe3 Rxc5 35. Ra3 Rc8 36. g4 Rd8 37. g5 Rf8 38. Rxf8+ Kxf8 39. Ra7 h6 40. h4 hxg5 41. hxg5 Kg8 42. Kg2 Bf8 43. Kf3 Bc5 44. Rc7 Bd4 45. Ke4 Kf8 46. Kd5 Be3 47. Kxe5 Bxg5 48. Ke6 Bh4 49. Rc4 g5 50. Rc7 Bg3 51. Rf7+ Kg8 52. Kf6 Bf4 53. Kg6 Bg3 54. Rf6 Bf4 55. Rf5 Bh2 56. Kxg5 Kg7 57. Rf2 Bg1 58. Rg2 Bd4 59. Kf5+ Kf7 60. Rd2 Bc3 61. Rd7+ Ke8 62. Ke6 Be1 63. Rd3 Bf2 64. Rd2 Be3 65. Re2 Bb6 66. Rb2 Bc7 67. Rg2 Kf8 68. Rd2 Bg3 69. Rd8+ Kg7 70. Rd4 Kf8 71. Kd7 Kf7 72. Rd3 Be5 73. Rf3+ Kg6 74. Ke6 Bc7 75. Rc3 Bb6 76. Rc1 Kg5 77. Ke5 Kg4 1/2-1/2